[Event "105th British-ch 2018"]
[Site "Hull"]
[Date "2018.07.30"]
[Round "3"]
[White "Gormally, Daniel W"]
[Black "Kolbus, Dietmar"]
[Result "1/2-1/2"]
[WhiteElo "2478"]
[BlackElo "2303"]
[Annotator "TA"]
[PlyCount "86"]
[EventDate "2018.07.28"]
[EventType "swiss"]
[EventCountry "GBR"]
[SourceTitle "playchess.com"]
[Source "ChessBase"]
[SourceQuality "1"]

{[%evp 16,86,7,0,34,16,30,19,30,20,34,2,2,2,2,2,6,13,33,-5,-16,-18,0,0,0,0,0,0,0,0,26,18,17,13,32,64,70,42,59,59,62,63,88,75,84,9,11,0,7,8,12,15,14,0,0,0,0,0,0,0,0,0,0,0,0,0,0,0,0,0,0,0,0]} 1. e4 e6 2. d4 d5 3. e5 c5 4. c3 Qb6 5. Bd3 Bd7 6. Nf3 Bb5 7. dxc5 Bxc5 8. O-O {C02: French: Advance Variation} (8. b4 Bxd3 9. Qxd3 Be7 10. O-O Nd7 11. Na3 a6 12. c4 Qxb4 13. cxd5 Nc5 14. Qc4 Qxc4 15. Nxc4 exd5 16. Nb6 {½-½ (53) Hector,J (2592)-Bartel,M (2599) Germany 2011}) 8... Bxd3 9. Qxd3 {LiveBook: 3 Games} Qa6 10. Qxa6 {White is slightly better.} Nxa6 11. b4 Bf8 12. Be3 Ne7 13. Nbd2 Nf5 14. a3 Nxe3 $146 ({Predecessor:} 14... Be7 15. Bf4 h5 16. Rac1 {½-½ (73) Bon,M (2304)-Song,J (2398) Avoine 2012}) 15. fxe3 Be7 16. c4 Rd8 17. e4 dxc4 18. Nxc4 O-O 19. Na5 Rd7 20. Rfd1 Rfd8 21. Rxd7 Rxd7 22. Rc1 h6 23. Rc8+ Kh7 24. Kf1 Rd3 25. Nxb7 Rxa3 26. b5 Nc5 27. Nd6 $1 ({But not} 27. Rxc5 Ra1+ 28. Ke2 Ra2+ 29. Nd2 Bg5 $11) 27... Nd3 28. Re8 $1 {[%cal Re8e7]} Ra1+ 29. Ke2 Nf4+ {[#]} 30. Ke3 (30. Kd2 $1 $16 Ra2+ 31. Kc3) 30... Nxg2+ $11 {The position is equal.} 31. Kd4 Nh4 $132 {[%mdl 2048] Black puts up resistance} 32. Nxh4 Bxh4 33. Nxf7 {[%mdl 4096] Endgame KRB-KRN} a6 34. bxa6 Rxa6 35. Nd6 Ra4+ 36. Kd3 Ra2 37. Rxe6 Rxh2 38. Re8 Bg5 39. Nf5 Rd2+ 40. Kc3 Re2 41. Kd3 Rd2+ 42. Kc3 Re2 43. Kd3 Rd2+ {Precision: White = 69%, Black = 70%.} 1/2-1/2

[Event "105th British-ch 2018"]
[Site "Hull"]
[Date "2018.07.30"]
[Round "3"]
[White "Fernandez, Daniel Howard"]
[Black "Jones, Gawain C B"]
[Result "0-1"]
[WhiteElo "2477"]
[BlackElo "2670"]
[Annotator "TA"]
[PlyCount "130"]
[EventDate "2018.07.28"]
[EventType "swiss"]
[EventCountry "GBR"]
[SourceTitle "playchess.com"]
[Source "ChessBase"]
[SourceQuality "1"]

{[%evp 21,130,0,0,0,0,0,0,0,14,29,18,0,8,0,0,0,0,0,4,0,0,0,0,0,0,0,0,0,0,0,0,0,0,0,0,0,0,0,0,0,0,0,0,6,14,14,24,0,0,0,6,0,0,0,0,0,0,0,0,0,0,0,0,0,0,0,0,0,0,0,0,0,0,-7,0,-8,0,0,0,-8,-8,-8,-8,-8,-8,-10,-8,-8,-8,-8,-8,-8,-8,-8,-8,-9,-8,-8,-8,-8,-8,-29976,-29977,-29977,-29978,-29979,-29980,-29981,-29982,-29982,-29983]} 1. e4 c5 2. Nf3 d6 3. d4 cxd4 4. Nxd4 Nf6 5. f3 Nc6 6. c4 e6 7. Nc3 Be7 8. Nc2 O-O 9. Be2 {B55: Sizilianisch (Rauser Anti-Drachen-Variante)} d5 10. cxd5 exd5 11. exd5 Nb4 {LiveBook: 3 Partien} 12. Nxb4 Bxb4 13. O-O Bxc3 14. bxc3 {[#]} Qxd5 $146 ({Vorgänger:} 14... Nxd5 15. Qd4 Re8 16. Re1 Be6 {½-½ (43) Mamedov,R (2688)-Zhigalko,A (2571) Moscow 2017}) 15. Be3 Bd7 16. Bd4 Bb5 17. Rb1 Bxe2 18. Qxe2 Rfe8 19. Qb5 Re7 20. a4 a6 21. Qb6 Qf5 22. Rbe1 Nd5 23. Qa5 Rae8 24. c4 Qd3 25. Bc5 Rxe1 $1 26. Rxe1 Rxe1+ 27. Qxe1 {[%cal Re1e8]} Nf6 28. Qe7 {[%csl Gc5][%cal Re7f8]} h5 29. Qf8+ Kh7 30. Qxf7 Qb1+ 31. Kf2 Qf5 32. Qe7 Ng4+ 33. Kg3 Ne5 34. h4 Nxc4 35. Bd4 {[%csl Gd4][%cal Re7g7]} Qg6+ 36. Kf4 Qxg2 {Droht stark ...Dd2+.} 37. Qc5 Qh2+ 38. Ke4 Qe2+ 39. Kf4 Qh2+ 40. Ke4 Qe2+ 41. Kf4 Qe6 42. Qxh5+ Kg8 43. Qg4 {[%csl Gd4][%cal Rg4g7]} Qf7+ 44. Ke4 Nd6+ 45. Ke5 Nc4+ 46. Ke4 b5 47. axb5 Nd6+ 48. Ke5 Nc4+ 49. Ke4 Nd6+ 50. Ke5 $132 {[%mdl 2048] Weiss is not keeping still} Nxb5 51. Bc5 a5 52. Qe6 a4 53. Be3 Qxe6+ 54. Kxe6 $11 {[%mdl 4096] Endspiel KL-KS} a3 {Und ...a2 würde nun gewinnen.} 55. Bc1 $1 Nd4+ 56. Kd5 a2 57. Bb2 Nc2 (57... Nb3 {looks sharper.} 58. Ke6 g6 59. f4 Nc5+ 60. Kf6 Kh7) 58. Ke6 a1=Q (58... Ne1 {with more complications.} 59. Kd5 Kf7 60. f4 g6 61. Kd4 Ke6) 59. Bxa1 Nxa1 {KS-KBB} 60. f4 Nb3 61. h5 $2 {[%mdl 8192] [#]} (61. Kf5 $11) 61... Kh7 {Schwarz setzt Matt.} 62. Kd5 Kh6 63. f5 Kxh5 64. Ke6 Nd4+ 65. Ke5 {[#]} Nxf5 $1 {Precision: Weiß = 70%, Schwarz = 80%.} 0-1

[Event "105th British-ch 2018"]
[Site "Hull"]
[Date "2018.07.30"]
[Round "3"]
[White "Ward, Chris G"]
[Black "Derakhshani, Borna"]
[Result "1/2-1/2"]
[WhiteElo "2434"]
[BlackElo "2315"]
[Annotator "TA"]
[PlyCount "103"]
[EventDate "2018.07.28"]
[EventType "swiss"]
[EventCountry "GBR"]
[SourceTitle "playchess.com"]
[Source "ChessBase"]
[SourceQuality "1"]

{[%evp 13,103,0,0,-26,-39,-10,0,-67,-58,-77,-39,-61,-62,-64,-58,-58,-68,-140,-127,-147,-154,-110,-54,-55,-49,-116,-49,-51,-51,-51,-52,-60,-53,-63,-70,-69,-56,-34,-9,-17,-5,-9,0,-8,0,0,0,0,0,0,0,0,0,-27,-27,-154,-154,-154,-43,-202,-22,-22,-22,-22,-22,-133,-133,-245,-219,-198,-190,-187,-172,-172,-33,-33,-35,-35,-35,-35,-14,-14,-15,-34,0,0,0,0,0,0,0,0]} 1. d4 Nf6 2. c4 g6 3. Nc3 d5 4. Nf3 Bg7 5. cxd5 Nxd5 6. Qb3 Nxc3 7. bxc3 O-O {LiveBook: 49 Partien} 8. h4 {D90: Grünfeldindisch (Flohr-Variante)} (8. Ba3 b6 9. e3 Nc6 10. Rd1 Bb7 11. Be2 {½-½ (11) Arsovic,Z (2427)-Jankovic,A (2568) Jahorina 2018}) 8... c5 {[%cal Rc5d4]} 9. e3 Nc6 {[%cal Rc5d4]} 10. Bb5 $146 (10. h5 $11) ({Vorgänger:} 10. h5 Be6 11. Qb1 cxd4 12. cxd4 Bd5 13. hxg6 hxg6 {0-1 (47) Diaz Hollemaert,N (2446)-Grushka,C (2227) Montevideo 2016}) 10... Be6 11. Qa3 Bd5 12. Bxc6 Bxc6 13. Qxc5 Rc8 {Droht stark ...Lxf3.} 14. Qa3 {[#]} e5 $1 {[%mdl 512]} 15. h5 (15. Kf1 $15) (15. dxe5 Bxf3) 15... Re8 $17 16. hxg6 hxg6 {zielt auf ...Lxf3 ab.} 17. Kf1 Qd5 (17... Bxf3 $17 18. gxf3 Qf6) 18. Kg1 $15 Qc4 19. Qb3 (19. Qb2 $1 $15) 19... Bxf3 ({Lieber} 19... Qe2 $1 $17 20. Ba3 Bxf3 21. gxf3 Qxf3) 20. Qxc4 Rxc4 21. gxf3 Rxc3 22. dxe5 Bxe5 23. Bb2 Rc2 24. Bxe5 Rxe5 {[%mdl 4096] Endspiel KTT-KTT} 25. Rh4 Rb5 {Droht ...Tbb2.} 26. a4 Rbb2 (26... Rg5+ {keeps more tension.} 27. Rg4 Rxg4+ 28. fxg4 b6 29. f3 Kf8) 27. Rf1 $1 a6 28. Kg2 b5 29. axb5 axb5 30. Kg3 Kg7 31. Rd4 Rc7 32. Rd6 Rb7 33. f4 b4 34. f5 (34. Rfd1 $11 {bleibt in der Remisbreite.}) 34... gxf5 $17 35. Kf4 Rc2 (35... Rb5 $17 {Und ...Tc2 würde nun gewinnen.} 36. Rc6 b3) 36. Kxf5 $2 (36. Rg1+ $15 Kf8 37. Ke5) 36... Rc5+ $2 ({Günstiger ist} 36... b3 $19 37. Rg1+ Kf8) 37. Ke4 $11 b3 {Weiss muss nun ...b2 beachten.} 38. Rg1+ Kf8 {...b2 ist eine echte Drohung.} 39. Rb1 {[#]} (39. Rd2 $11 {hält das Gleichgewicht.}) 39... Rc2 $1 $17 40. Kd3 (40. f4 $17) 40... Rxf2 $19 41. Ra6 Ra2 42. Rc6 Rd7+ 43. Ke4 {[#]} b2 (43... Ra4+ $1 $19 44. Kf3 Rb7) 44. Rb6 $15 Rd2 45. Rb7 Rf2 46. Ke5 Ra5+ 47. Ke4 Ra4+ 48. Ke5 Rg2 49. R1xb2 {Die Stellung ist ausgeglichen.} Rg5+ 50. Kf6 {[%cal Rb7b8]} Rg6+ 51. Kf5 Raa6 52. e4 {Precision: Weiß = 45%, Schwarz = 39%.} 1/2-1/2

[Event "105th British-ch 2018"]
[Site "Hull"]
[Date "2018.07.30"]
[Round "3"]
[White "Hebden, Mark L"]
[Black "Hawkins, Jonathan"]
[Result "1/2-1/2"]
[WhiteElo "2423"]
[BlackElo "2590"]
[Annotator "TA"]
[PlyCount "59"]
[EventDate "2018.07.28"]
[EventType "swiss"]
[EventCountry "GBR"]
[SourceTitle "playchess.com"]
[Source "ChessBase"]
[SourceQuality "1"]

{[%evp 27,59,0,17,0,5,0,10,-49,-54,-58,-51,-44,-32,-81,-4,-81,-79,-97,-45,-69,-61,-75,-39,-40,0,-21,0,-20,0,-13,0,0,0,0]} 1. d4 d5 2. Nf3 Nf6 3. c4 e6 4. Bg5 Be7 5. Nc3 h6 6. Bh4 O-O 7. e3 b6 8. Bd3 Bb7 9. O-O Nbd7 10. Bg3 c5 11. Qe2 Ne4 12. cxd5 exd5 13. Rad1 Qc8 {D58: Queen's Gambit Declined: Tartakower Defence} 14. Rc1 (14. Rfe1) 14... Rd8 {LiveBook: 3 Games} 15. Rfd1 Ndf6 16. Ne5 Qe6 17. f3 (17. Nxe4 $11 Nxe4 18. Bf4) 17... Nxg3 $15 18. hxg3 Nd7 19. Nxd7 Qxd7 $146 ({Predecessor:} 19... Rxd7 20. g4 g6 21. Qf2 {½-½ (73) Goganov,A (2462)-Oparin,G (2257) Dagomys 2009}) 20. g4 Bf6 (20... c4 $17 21. Bf5 Qc7) 21. Qf2 (21. dxc5 $11 {remains equal.} bxc5 22. Ba6) 21... Qe7 $17 22. g3 Bc6 (22... Rd6 $17 23. Re1 Re6) 23. Kg2 Re8 24. Re1 cxd4 25. exd4 Qb4 26. a3 {The position is equal.} Qd6 ({But not} 26... Qxd4 $6 27. Qxd4 Bxd4 28. Ne2 $16) 27. f4 Bd7 28. Be2 Rac8 29. Bf3 Rxe1 30. Rxe1 {Precision: White = 23%, Black = 30%.} 1/2-1/2

[Event "105th British-ch 2018"]
[Site "Hull"]
[Date "2018.07.30"]
[Round "3"]
[White "Arkell, Keith C"]
[Black "Toma, Katarzyna"]
[Result "1-0"]
[WhiteElo "2406"]
[BlackElo "2274"]
[Annotator "ChessBase"]
[PlyCount "129"]
[EventDate "2018.07.28"]
[EventType "swiss"]
[EventCountry "GBR"]
[SourceTitle "playchess.com"]
[Source "ChessBase"]
[SourceQuality "1"]
[TimeControl "40/5400+30:1800+30"]

1. d4 {[%emt 0:01:04]} Nf6 {[%emt 0:00:08]} 2. Nf3 {[%emt 0:00:05]} g6 {[%emt 0:00:08]} 3. c4 {[%emt 0:00:05]} Bg7 {[%emt 0:00:09]} 4. g3 {[%emt 0:00:05]} d5 {[%emt 0:00:55]} 5. cxd5 {[%emt 0:00:06]} Nxd5 {[%emt 0:00:05]} 6. Nc3 {[%emt 0:00:03]} Nb6 {[%emt 0:00:38]} 7. Bg2 {[%emt 0:00:05]} Nc6 {[%emt 0:00:10]} 8. e3 {[%emt 0:00:04]} O-O {[%emt 0:00:11]} 9. O-O {[%emt 0:00:04]} Re8 {[%emt 0:00:22]} 10. b3 {[%emt 0:00:05]} e5 {[%emt 0:00:49]} 11. Nxe5 {[%emt 0:00:05]} Nxe5 {[%emt 0:00:10]} 12. dxe5 {[%emt 0:00:04]} Qxd1 {[%emt 0:00:54]} 13. Rxd1 {[%emt 0:00:04]} Bxe5 {[%emt 0:00:08]} 14. Bb2 {[%emt 0:00:05]} c6 {[%emt 0:00:27]} 15. Rd2 {[%emt 0:00:08]} Bf5 {[%emt 0:01:12]} 16. Ne2 {[%emt 0:00:56]} Bxb2 {[%emt 0:03:05]} 17. Rxb2 {[%emt 0:00:08]} a5 {[%emt 0:07:27]} 18. Nd4 {[%emt 0:00:20]} Be4 {[%emt 0:06:47]} 19. f3 {[%emt 0:01:48]} Bd3 {[%emt 0:01:45]} 20. Kf2 {[%emt 0:02:10]} f5 {[%emt 0:03:54]} 21. Rd1 {[%emt 0:02:18]} Ba6 {[%emt 0:00:09]} 22. f4 {[%emt 0:01:22]} Rad8 {[%emt 0:02:20]} 23. Rbd2 {[%emt 0:02:00]} Rd7 {[%emt 0:02:23]} 24. Rc1 {[%emt 0:05:39]} Red8 {[%emt 0:06:57]} 25. h3 {[%emt 0:02:19]} a4 {[%emt 0:03:16]} 26. g4 {[%emt 0:00:13]} axb3 {[%emt 0:00:16]} 27. axb3 {[%emt 0:00:03]} Nd5 {[%emt 0:01:40]} 28. Bxd5+ {[%emt 0:01:41]} Rxd5 {[%emt 0:00:05]} 29. b4 {[%emt 0:00:15]} fxg4 {[%emt 0:04:14]} 30. hxg4 {[%emt 0:00:06]} h5 {[%emt 0:02:24]} 31. Rg1 {[%emt 0:04:01]} Kf7 {[%emt 0:04:31]} 32. Kf3 {[%emt 0:00:37]} c5 {[%emt 0:19:18]} 33. bxc5 {[%emt 0:00:06]} Rxc5 {[%emt 0:00:05]} 34. gxh5 {[%emt 0:01:01]} Rxh5 {[%emt 0:00:13]} 35. Rc2 {[%emt 0:04:17]} Rd7 {[%emt 0:01:27]} 36. Rc3 {[%emt 0:08:31]} b5 {[%emt 0:12:43]} 37. Kg3 {[%emt 0:02:13]} Bb7 {[%emt 0:00:35]} 38. Rb1 {[%emt 0:01:36]} Be4 {[%emt 0:06:31]} 39. Rxb5 {[%emt 0:03:49]} Rxb5 {[%emt 0:00:20]} 40. Nxb5 {[%emt 0:00:05]} Rd3 {[%emt 0:00:07]} 41. Kg4 {[%emt 0:16:01]} Kf6 {[%emt 0:07:25]} 42. Rxd3 {[%emt 0:05:02]} Bxd3 {[%emt 0:00:04]} 43. Nd4 {[%emt 0:00:13]} Be4 {[%emt 0:00:51]} 44. Nf3 {[%emt 0:00:20]} Bf5+ {[%emt 0:02:50]} 45. Kg3 {[%emt 0:00:06]} Bc2 {[%emt 0:02:04]} 46. Kf2 {[%emt 0:01:26]} Bd3 {[%emt 0:01:12]} 47. Ng5 {[%emt 0:00:26]} Bc4 {[%emt 0:04:29]} 48. e4 {[%emt 0:01:37]} Bb3 {[%emt 0:00:40]} 49. Ke3 {[%emt 0:00:06]} Ba2 {[%emt 0:00:09]} 50. Kd4 {[%emt 0:00:06]} Bb3 {[%emt 0:00:24]} 51. Kc5 {[%emt 0:00:25]} Bc2 {[%emt 0:01:14]} 52. Kd5 {[%emt 0:00:43]} Bd3 {[%emt 0:02:04]} 53. Nf3 {[%emt 0:00:28]} Bb1 {[%emt 0:04:15]} 54. Nd4 {[%emt 0:01:06]} Kf7 {[%emt 0:03:03]} 55. e5 {[%emt 0:06:37]} Ba2+ {[%emt 0:00:04]} 56. Kd6 {[%emt 0:00:14]} g5 {[%emt 0:01:01]} 57. f5 {[%emt 0:00:51]} g4 {[%emt 0:00:10]} 58. Ne2 {[%emt 0:01:41]} Bb3 {[%emt 0:01:56]} 59. Ng3 {[%emt 0:00:09]} Bc2 {[%emt 0:00:54]} 60. Kd5 {[%emt 0:04:17]} Ke7 {[%emt 0:01:07]} 61. Ne4 {[%emt 0:00:33]} Bb3+ {[%emt 0:01:31]} 62. Kd4 {[%emt 0:00:07]} Ba4 {[%emt 0:04:04]} 63. Ke3 {[%emt 0:00:34]} Bd1 {[%emt 0:00:45]} 64. Kf4 {[%emt 0:00:07]} Kf7 {[%emt 0:03:54]} 65. Nf2 {[%emt 0:00:39]} 1-0

[Event "105th British-ch 2018"]
[Site "Hull"]
[Date "2018.07.30"]
[Round "3"]
[White "Trent, Lawrence"]
[Black "Rudd, Jack"]
[Result "1-0"]
[WhiteElo "2406"]
[BlackElo "2244"]
[Annotator "NA"]
[PlyCount "77"]
[EventDate "2018.07.28"]
[EventType "swiss"]
[EventCountry "GBR"]
[SourceTitle "playchess.com"]
[Source "ChessBase"]
[SourceQuality "1"]
[TimeControl "40/5400+30:1800+30"]

1. d4 {[%emt 0:00:00]} Nf6 {[%emt 0:00:07]} 2. Bg5 {[%emt 0:00:04]} e6 {[%emt 0:00:08]} 3. e4 {[%emt 0:00:04]} h6 {[%emt 0:00:16]} 4. Bxf6 {[%emt 0:00:04]} Qxf6 {[%emt 0:00:08]} 5. c3 {[%emt 0:00:04]} d6 {[%emt 0:01:12]} 6. Bd3 {[%emt 0:00:16]} Nd7 {[%emt 0:00:25]} 7. Ne2 {[%emt 0:00:05]} g5 {[%emt 0:02:11]} 8. O-O {[%emt 0:01:00]} Bg7 {[%emt 0:00:52]} 9. f4 {[%emt 0:00:07]} Qe7 {[%emt 0:01:21]} 10. Nd2 {[%emt 0:01:17]} Nf6 {[%emt 0:00:39]} 11. Nc4 {[%emt 0:06:46]} d5 {[%emt 0:03:02]} 12. exd5 {[%emt 0:00:12]} Nxd5 {[%emt 0:00:07]} 13. Qd2 {[%emt 0:00:06]} Bd7 {[%emt 0:00:54]} 14. Ne3 {[%emt 0:08:04]} Nxf4 {[%emt 0:04:08]} 15. Nxf4 {[%emt 0:00:07]} gxf4 {[%emt 0:00:08]} 16. Nc4 {[%emt 0:00:42]} O-O-O {[%emt 0:01:04]} 17. Qxf4 {[%emt 0:00:09]} f5 {[%emt 0:00:19]} 18. Rae1 {[%emt 0:03:17]} Qg5 {[%emt 0:01:25]} 19. Ne5 {[%emt 0:01:40]} Qxf4 {[%emt 0:01:25]} 20. Rxf4 {[%emt 0:00:02]} Be8 {[%emt 0:00:10]} 21. Bc4 {[%emt 0:02:49]} Rd6 {[%emt 0:00:08]} 22. Rf2 {[%emt 0:01:00]} Bh5 {[%emt 0:01:40]} 23. Nd3 {[%emt 0:00:28]} Re8 {[%emt 0:00:21]} 24. Nf4 {[%emt 0:08:07]} Bf7 {[%emt 0:00:09]} 25. Rfe2 {[%emt 0:00:19]} Kd7 {[%emt 0:00:07]} 26. Nd3 {[%emt 0:01:56]} b6 {[%emt 0:00:39]} 27. a4 {[%emt 0:29:49]} c6 {[%emt 0:02:04]} 28. Ba2 {[%emt 0:12:18]} Bg8 {[%emt 0:05:39]} 29. Nf4 {[%emt 0:05:32]} Bf7 {[%emt 0:01:17]} 30. Nd3 {[%emt 0:00:05]} Bg8 {[%emt 0:00:09]} 31. Nf4 {[%emt 0:00:04]} Bf7 {[%emt 0:00:09]} 32. Bb3 {[%emt 0:00:47]} Bf6 {[%emt 0:01:24]} 33. a5 {[%emt 0:02:38]} bxa5 {[%emt 0:01:32]} 34. Nd3 {[%emt 0:00:32]} Rb8 {[%emt 0:03:22]} 35. Nc5+ {[%emt 0:01:57]} Ke7 {[%emt 0:00:58]} 36. Bxe6 {[%emt 0:00:06]} Bxe6 {[%emt 0:00:09]} 37. Rxe6+ {[%emt 0:00:03]} Rxe6 {[%emt 0:00:08]} 38. Rxe6+ {[%emt 0:00:02]} Kf7 {[%emt 0:00:09]} 39. Rxf6+ {[%emt 0:00:07]} 1-0

[Event "105th British-ch 2018"]
[Site "Hull"]
[Date "2018.07.30"]
[Round "3"]
[White "Roberson, Peter T"]
[Black "Moore, Graham J"]
[Result "*"]
[WhiteElo "2401"]
[BlackElo "2218"]
[Annotator "TA"]
[PlyCount "71"]
[EventDate "2018.07.28"]
[EventType "swiss"]
[EventCountry "GBR"]
[SourceTitle "playchess.com"]
[Source "ChessBase"]
[SourceQuality "1"]

{[%evp 26,70,-3,-9,25,14,29,30,32,33,59,49,83,104,285,273,249,234,218,101,285,289,249,170,214,207,197,199,219,120,139,127,129,130,317,312,312,312,289,281,1267,1250,29992,29993,29998,29999,29999]} 1. e4 {Almasi,Z} e6 2. d4 d5 3. Nd2 c5 4. Ngf3 cxd4 5. exd5 Qxd5 6. Bc4 Qd6 7. O-O Nf6 8. Nb3 Nc6 9. Nbxd4 Nxd4 10. Nxd4 a6 11. Re1 Qc7 12. Bf1 {C07: French Tarrasch: 3...c5, 4 Ngf3 and 4 exd5 Qxd5} Bd6 13. g3 O-O 14. Bg5 {[#] LiveBook: 3 Games. The position is equal.} Ne8 $146 ({Predecessor:} 14... Be5 15. c3 Nd5 16. Bg2 h6 17. Bd2 Nf6 18. Qf3 Rd8 19. Rac1 Nd5 {1-0 (59) Almasi,Z (2684)-Radjabov,T (2722) Baku 2016 CBM 175 [Almasi,Z]}) 15. Qf3 Qb6 16. Nb3 Bd7 17. Rad1 Bc6 18. Qg4 Qb4 19. c4 Bb5 $2 (19... Qa4 $16) 20. Bd2 $18 Qa4 21. Bc3 Be7 22. Nd4 (22. Bd3 $1 $18 Bc6 23. Nd4) 22... Bd7 $2 (22... Nf6 $16 {keeps fighting.} 23. Qe2 Bc6) 23. b3 Qa3 24. Bg2 $36 {[%mdl 2048] White is on the roll.} Nf6 {[#]} 25. Qe2 $1 Bc8 26. Nf5 Bb4 27. Nh6+ (27. Bxf6 $18 {Threatening mate with Qg4!} exf5 28. Be7 Bxe7 29. Qxe7 Qxe7 30. Rxe7) 27... Kh8 $16 28. Qd2 Bxc3 29. Qxc3 Qc5 $2 {[#]} (29... Bd7 $16) 30. Rd8 $1 $18 {[%mdl 512]} Qe7 {[#]} (30... Rxd8 31. Nxf7+) 31. Rxf8+ $1 Qxf8 32. Rd1 Qe7 $2 {[#]} (32... Bd7 33. Bxb7 Re8) 33. Rd8+ $1 {[%mdl 512]} Ne8 {[#]} (33... Qxd8 34. Nxf7+) 34. Qb4 $1 {[%mdl 512] White mates.} Qxb4 35. Rxe8+ Qf8 36. Rxf8# {Precision: White = 70%, Black = 12%.} *

[Event "105th British-ch 2018"]
[Site "Hull"]
[Date "2018.07.30"]
[Round "3"]
[White "Macklin, Paul"]
[Black "Kalaiyalahan, Akshaya"]
[Result "1/2-1/2"]
[WhiteElo "2363"]
[BlackElo "2138"]
[Annotator "NA"]
[PlyCount "102"]
[EventDate "2018.07.28"]
[EventType "swiss"]
[EventCountry "GBR"]
[SourceTitle "playchess.com"]
[Source "ChessBase"]
[SourceQuality "1"]
[TimeControl "40/5400+30:1800+30"]

1. e4 {[%emt 0:00:01]} c5 {[%emt 0:00:06]} 2. Nf3 {[%emt 0:00:15]} Nc6 {[%emt 0:00:11]} 3. c3 {[%emt 0:00:32]} d5 {[%emt 0:00:19]} 4. exd5 {[%emt 0:00:28]} Qxd5 {[%emt 0:00:09]} 5. d4 {[%emt 0:00:25]} Bf5 {[%emt 0:00:35] B22: Sizilianisch (Alapin 2.c3)} (5... Nf6 6. Be2 cxd4 7. cxd4 e6 8. O-O Be7 9. Nc3 Qd6 10. Nb5 Qd8 11. Bf4 Nd5 12. Bg3 O-O 13. Bc4 a6 14. Nc3 Nxc3 15. bxc3 b5 16. Bd3 Bb7 17. a4 b4 18. Rb1 Bf6 19. Be4 a5 20. cxb4 axb4 21. Bxc6 {½-½ (21) Zvjaginsev,V (2660)-Moiseenko,A (2692) Berlin 2015}) 6. Be2 {[%emt 0:07:45]} cxd4 {[%emt 0:01:20]} 7. cxd4 {[%emt 0:00:05]} Bxb1 {[%emt 0:00:34]} 8. Rxb1 {[%emt 0:00:04]} e6 {[%emt 0:00:28]} 9. a3 {[%emt 0:00:27]} Bd6 {[%emt 0:03:00]} 10. O-O {[%emt 0:02:25]} Nf6 {[%emt 0:03:10]} 11. Bg5 {[%emt 0:07:19]} O-O {[%emt 0:06:26]} 12. Rc1 {[%emt 0:06:16]} Ne7 $146 {[%emt 0:19:51]} ({Vorgänger:} 12... Rfd8 13. Bc4 {½-½ (32) Seymour,T (2050)-Adair,J (2138) Uxbridge 2009}) 13. Bc4 {[%emt 0:05:37]} Qa5 {[%emt 0:02:06]} 14. Qb3 {[%emt 0:03:55]} Qb6 {[%emt 0:01:57]} 15. Qxb6 {[%emt 0:02:46]} axb6 {[%emt 0:00:05]} 16. Bxf6 {[%emt 0:00:22]} gxf6 {[%emt 0:00:06]} 17. g3 {[%emt 0:11:17]} Ra5 {[%emt 0:13:38]} 18. Rc3 {[%emt 0:04:43]} Rc8 {[%emt 0:08:44]} 19. Rfc1 {[%emt 0:01:04]} Nd5 {[%emt 0:14:40]} 20. Bxd5 {[%emt 0:01:33]} Rxc3 {[%emt 0:00:06]} 21. Rxc3 {[%emt 0:00:10]} Rxd5 {[%emt 0:02:19]} 22. Rc8+ {[%emt 0:00:33]} Kg7 {[%emt 0:00:24]} 23. Rd8 {[%emt 0:00:26]} Bc7 {[%emt 0:07:23]} 24. Rxd5 {[%emt 0:00:20]} exd5 {[%emt 0:00:04]} 25. Nh4 {[%emt 0:03:53]} b5 {[%emt 0:00:41]} 26. Kf1 {[%emt 0:00:09]} Bb6 {[%emt 0:00:41]} 27. Ke2 {[%emt 0:00:05]} Kh6 {[%emt 0:02:38]} 28. Ke3 {[%emt 0:10:56]} Kg5 {[%emt 0:00:23]} 29. h3 {[%emt 0:09:10]} Bc7 {[%emt 0:00:09]} 30. Kd3 {[%emt 0:03:39]} f5 {[%emt 0:05:25]} 31. f4+ {[%emt 0:01:48]} Kf6 {[%emt 0:00:06]} 32. Ng2 {[%emt 0:02:20]} h5 {[%emt 0:02:17]} 33. Ne3 {[%emt 0:03:09]} Ke6 {[%emt 0:00:04]} 34. h4 {[%emt 0:01:38]} Ba5 {[%emt 0:00:43]} 35. b4 {[%emt 0:01:33]} Bd8 {[%emt 0:01:40]} 36. Nd1 {[%emt 0:00:34]} Kd6 {[%emt 0:00:22]} 37. Nc3 {[%emt 0:00:23]} Kc6 {[%emt 0:00:04]} 38. Nb1 {[%emt 0:00:23]} f6 {[%emt 0:03:20]} 39. Nd2 {[%emt 0:00:37]} Kd6 {[%emt 0:00:39]} 40. Nb3 {[%emt 0:00:15]} b6 {[%emt 0:00:24]} 41. Nd2 {[%emt 0:03:08]} Ke6 {[%emt 0:01:34]} 42. Nf1 {[%emt 0:00:18]} Bc7 {[%emt 0:00:34]} 43. Ne3 {[%emt 0:00:12]} Bd8 {[%emt 0:00:48]} 44. Kc2 {[%emt 0:00:25]} Bc7 {[%emt 0:00:41]} 45. Kb3 {[%emt 0:00:11]} Bd8 {[%emt 0:02:28]} 46. a4 {[%emt 0:05:02]} Bc7 {[%emt 0:00:27]} 47. Nd1 {[%emt 0:00:23]} Kd6 {[%emt 0:07:13]} 48. Nc3 {[%emt 0:00:15]} bxa4+ {[%emt 0:00:05]} 49. Kxa4 {[%emt 0:00:20]} Kc6 $1 {[%emt 0:00:05]} 50. b5+ {[%emt 0:02:33]} Kd6 {[%emt 0:00:08]} 51. Kb3 {[%emt 0:01:42]} Ke6 $14 {[%emt 0:01:52]} 1/2-1/2